000 00643nam a2200277Ia 4500
005 20260324114138.0
008 008 260324s9999 xx 000 0 eng d
020 _a9780429198540
037 _aEBOOK
040 _aCRL
040 _beng
040 _cCRL
041 _2eng
041 _aeng
084 _qCRL
100 _aZhe Chuan Feng
245 0 _aHandbook of Silicon Carbide Materials and Devices
260 _bTaylor and Francis
260 _c2023
365 _a
365 _b355
856 _uhttp://www.taylorfrancis.com/books/9780429198540
942 _cEBOOK
999 _c1739632
_d1739632